[Event "Stuttgart-chC int"]
[Site "Ditzingen"]
[Date "2013.05.10"]
[Round "3"]
[White "Erben, Katrin"]
[Black "Winterkorn, Nikolaus"]
[Result "1/2-1/2"]
[WhiteElo "1272"]
[BlackElo "1456"]
[PlyCount "48"]
[EventDate "2013.05.09"]
[EventType "swiss"]
[EventRounds "7"]
[EventCountry "GER"]
[SourceTitle "EXT 2014"]
[Source "ChessBase"]
[SourceDate "2013.11.20"]
[SourceVersion "1"]
[SourceVersionDate "2013.11.20"]
[SourceQuality "1"]

1. e4 e6 2. d4 d5 3. e5 c5 4. c3 Nc6 5. Bb5 Bd7 6. Ne2 Be7 7. 0-0 a6 8. Bxc6 Bxc6 9. Be3 b6 10. Nd2 Bb5 11. a4 Bxe2 12. Qxe2 Bg5 13. f4 Be7 14. Qf2 c4 15. f5 Qd7 16. Qg3 g6 17. f6 Bf8 18. Qh4 h5 19. g4 Bh6 20. g5 Bf8 21. Rfb1 Be7 22. fxe7 Nxe7 23. Qf4 Nf5 24. h4 Ke7 1/2-1/2

[Event "Stuttgart-chB int"]
[Site "Ditzingen"]
[Date "2009.05.23"]
[Round "5"]
[White "Groetzinger, Werner"]
[Black "Winterkorn, Nikolaus"]
[Result "0-1"]
[WhiteElo "1379"]
[BlackElo "1449"]
[PlyCount "152"]
[EventDate "2009.05.21"]
[EventType "swiss"]
[EventRounds "7"]
[EventCountry "GER"]
[SourceTitle "EXT 2018"]
[Source "ChessBase"]
[SourceDate "2017.10.13"]
[SourceVersion "1"]
[SourceVersionDate "2017.10.13"]
[SourceQuality "1"]

1. c4 Nc6 2. Nf3 e5 3. d3 Nf6 4. a3 h6 5. Nc3 d6 6. e3 a6 7. Be2 Be7 8. b4 Bd7 9. Bb2 Na7 10. Rc1 0-0 11. e4 c5 12. bxc5 Nc6 13. cxd6 Bxd6 14. 0-0 Qe7 15. Ra1 Bg4 16. Nd5 Nxd5 17. exd5 Nd8 18. Nd2 Bxe2 19. Qxe2 f6 20. Ne4 Nf7 21. a4 Rfc8 22. Rfc1 Nh8 23. Qg4 Nf7 24. Nxd6 Qxd6 25. Ba3 Qd8 26. Qe6 Rc7 27. c5 Re7 28. Qb6 Qxd5 29. c6 Ree8 30. cxb7 Rab8 31. Rab1 Qxd3 32. Rb3 Qd5 33. Rbc3 Rxb7 34. Qxa6 Rd7 35. h3 Kh7 36. Rc8 Red8 37. Rxd8 Rxd8 38. Qb5 Qa8 39. Qc4 Rd7 40. Qc2+ Kg8 41. Qc8+ Rd8 42. Qxa8 Rxa8 43. Rc4 Ra7 44. f3 Ng5 45. Kf2 Ne6 46. Bc1 Kh7 47. Be3 Ra6 48. Ke2 f5 49. Bd2 Kg6 50. a5 Nd4+ 51. Kd3 Nb3 52. Ra4 Nc5+ 53. Kc4 Nxa4 54. Kb5 Rd6 55. Bb4 Rd1 56. Kxa4 e4 57. fxe4 fxe4 58. a6 e3 59. Kb5 e2 60. a7 Rb1 61. a8Q e1Q 62. Qc6+ Kh7 63. Qc2+ Kg8 64. Qc4+ Kh8 65. Qc8+ Kh7 66. Qf5+ Kg8 67. Qc8+ Kf7 68. Qc4+ Qe6 69. Qc7+ Kf6 70. Qd8+ Kg6 71. g4 Qe5+ 72. Ka4 Ra1+ 73. Ba3 Qe4+ 74. Kb5 Qb7+ 75. Kc4 Qa6+ 76. Kc5 Qxa3+ 0-1

[Event "Stuttgart-chB int"]
[Site "Ditzingen"]
[Date "2009.05.21"]
[Round "2"]
[White "Winterkorn, Nikolaus"]
[Black "Loerincz, Peter"]
[Result "0-1"]
[WhiteElo "1449"]
[BlackElo "1650"]
[PlyCount "167"]
[EventDate "2009.05.21"]
[EventType "swiss"]
[EventRounds "7"]
[EventCountry "GER"]
[SourceTitle "EXT 2018"]
[Source "ChessBase"]
[SourceDate "2017.10.13"]
[SourceVersion "1"]
[SourceVersionDate "2017.10.13"]
[SourceQuality "1"]

1. Nf3 b6 2. e4 Bb7 3. Nc3 g6 4. d4 Bg7 5. Bc4 e6 6. Be3 Ne7 7. 0-0 0-0 8. Rb1 d6 9. h3 c5 10. Qd3 Qc7 11. d5 e5 12. Qe2 Nd7 13. Nb5 Qb8 14. Bg5 f6 15. Bh4 a6 16. Nc3 b5 17. Nxb5 axb5 18. Bxb5 Qc8 19. a4 Ba6 20. b3 Bxb5 21. axb5 Nb6 22. c4 g5 23. Bg3 Ng6 24. Ra1 Qb7 25. Qb2 h6 26. Nd2 Nf4 27. Qc2 Rxa1 28. Rxa1 Ra8 29. Rb1 Ra3 30. Nf1 Nc8 31. f3 Ne7 32. Be1 Neg6 33. Ne3 Ne7 34. Kh2 Nfg6 35. Bg3 h5 36. Be1 Qa7 37. Rb2 h4 38. Bc3 Nf8 39. Nd1 Qa8 40. Rb1 Nd7 41. Bb2 Ra7 42. Nc3 Nb6 43. Bc1 Nec8 44. Be3 Qb7 45. Bc1 Qf7 46. Be3 Kh7 47. Bc1 Kg6 48. Nd1 Qb7 49. Nf2 Bf8 50. Ng4 Be7 51. Be3 Bd8 52. Bf2 Qa8 53. Rb2 Nd7 54. Qd2 Kh5 55. Ne3 Nf8 56. Qe2 Kg6 57. Qc2 Ba5 58. Nd1 Bb4 59. Be3 Ra1 60. Rb1 Nb6 61. Nb2 Rxb1 62. Qxb1 Bc3 63. Bc1 Bd4 64. Qc2 Qa1 65. Qd2 Kh5 66. Qc2 Ng6 67. Na4 Nxa4 68. bxa4 Nf8 69. Qd1 Bf2 70. f4+ Kg6 71. f5+ Kg7 72. Qc2 Bg3+ 73. Kg1 Bf4 74. Qb2 Qxa4 75. Bxf4 exf4 76. Qe2 Kh6 77. Kh2 Nd7 78. Qd3 Qb4 79. Qd1 Qa3 80. Qb1 Qg3+ 81. Kg1 Ne5 82. b6 f3 83. Qc2 Qe1+ 84. Kh2 0-1

[Event "Stuttgart-chB int"]
[Site "Gerlingen"]
[Date "2007.05.17"]
[Round "1"]
[White "Ellinger, Harald"]
[Black "Winterkorn, Nikolaus"]
[Result "1-0"]
[WhiteElo "1854"]
[BlackElo "1485"]
[PlyCount "120"]
[EventDate "2007.05.17"]
[EventType "swiss"]
[EventRounds "7"]
[EventCountry "GER"]
[SourceTitle "EXT 2018"]
[Source "ChessBase"]
[SourceDate "2017.10.13"]
[SourceVersion "1"]
[SourceVersionDate "2017.10.13"]
[SourceQuality "1"]

1. Nf3 d5 2. d4 Nf6 3. c4 c6 4. e3 Bg4 5. cxd5 Qxd5 6. Be2 h6 7. Nc3 Qd8 8. 0-0 e6 9. a3 Nbd7 10. Bd2 Be7 11. Rc1 0-0 12. e4 Qb6 13. e5 Nd5 14. Nxd5 exd5 15. Bc3 f6 16. h3 Bh5 17. e6 Nb8 18. g4 Bg6 19. Nh4 Bh7 20. Bd3 f5 21. Nxf5 Bxf5 22. Bxf5 Rf6 23. Qd2 Na6 24. Ba5 Qb3 25. Rc3 Qa4 26. Re3 b6 27. Bc3 Nc7 28. f4 Qa6 29. Bd3 Qc8 30. f5 c5 31. b4 c4 32. Bc2 Nb5 33. a4 Nxc3 34. Qxc3 Qd8 35. Rb1 Qd6 36. Rf3 Raf8 37. Qe3 Rc8 38. h4 Rff8 39. g5 hxg5 40. hxg5 Qd8 41. Rg3 Bd6 42. Rh3 Qc7 43. f6 gxf6 44. Bh7+ Kh8 45. Bf5+ Kg7 46. Rh7+ Kg8 47. Rxc7 Rxc7 48. g6 Kg7 49. Kg2 Rh8 50. Rh1 Rxh1 51. Kxh1 c3 52. Bc2 Be7 53. b5 Rc8 54. Kg2 Rh8 55. Qf3 Bd6 56. Qxd5 Rh2+ 57. Kf3 Rxc2 58. Qxd6 Rd2 59. Qc7+ Kxg6 60. Qxc3 Rh2 1-0